| 000 | 01644cab a2200457 4500 | ||
|---|---|---|---|
| 001 | WB2916-14 | ||
| 008 | 090401t1993 xxu||||| |||| 00| 0 eng d | ||
| 035 | _a(Sirsi) u11712 | ||
| 041 | _aeng | ||
| 245 | _aTerrorist bombing in City | ||
| 260 | _c1993 | ||
| 350 | _a0 | ||
| 490 |
_aFinancial Times _v26 April 1993, 6-7; 27 April 1993, 11 |
||
| 490 |
_aDaily Telegraph _v27 April 1993, 25 |
||
| 490 |
_aTimes _v26 April 1993, 38,40 |
||
| 490 |
_aRICS Press Release _v(91/93) 26 April 1993 |
||
| 490 |
_aCSW - The Property Week _v43(5) 29 April 1993, 6-7 |
||
| 490 |
_aBuilding _v258(7792) 30 April 1993, 8 |
||
| 490 |
_aArchitects` Journal _v197(17) 28 April 1993, 5 (LOAN) |
||
| 520 | _aThe Bishopsgate bomb has renewed the debate about the cost of insuring buildings against terrorist attacks; insurance losses are estimated to be over £300m. Empty offices are being used as temporary accommodation for businesses but the economic well-being of the area could be further affected as the City becomes less attractive to businesses. | ||
| 650 | _aBISHOPSGATE | ||
| 650 | _aBOMB DAMAGE | ||
| 650 | _aCITY OF LONDON | ||
| 650 | _aCONTINGENCY PLANS | ||
| 650 | _aEBRD | ||
| 650 | _aEMPTY PROPERTY | ||
| 650 | _aINSURANCE PREMIUMS | ||
| 650 | _aLISTED BUILDINGS | ||
| 650 | _aNATWEST TOWER | ||
| 650 | _aRICS | ||
| 650 | _aST ETHELBURGA CHURCH | ||
| 650 | _aTERRORISM COVER | ||
| 650 | _aTERRORISM | ||
| 690 |
_aRefurbishment _96264 |
||
| 690 | _aPROPERTY-COMMERCIAL PROPERTY | ||
| 690 | _aCONSERVATION | ||
| 690 | _aECONOMIC AND SOCIAL | ||
| 690 |
_aInsurance _96249 |
||
| 942 | _n0 | ||
| 948 | _c04/03/1997 | ||
| 999 |
_c7479 _d7479 |
||